| 000 | 00474nam a2200157Ia 4500 | ||
|---|---|---|---|
| 008 | 231217s9999 xx 000 0 und d | ||
| 041 | _aEnglish | ||
| 082 | _a001.642 HEN;2 R1 | ||
| 100 | _aHennessy, John L Patterson, David A larus, James R. cont | ||
| 245 | 0 | _aComputer organization and design: The hardware software interface | |
| 250 | _a2nd ed. | ||
| 260 |
_c1998 _bElsevier _aNew Delhi |
||
| 300 | _axxix+I-32 | ||
| 650 | _aComputer organization | ||
| 942 | _cAA | ||
| 999 |
_c170801 _d170801 |
||